| 000 | 00855nam a2200133Ia 4500 | ||
|---|---|---|---|
| 008 | 171212s9999 xx 000 0 und d | ||
| 020 | _a9780833039620 | ||
| 100 | _aHoehn, Andrew R.;Grissom, Adam;Ochmanek, David;Shlapak, David A.;Vick, Alan J.;Andrew R. Hoehn, ;Adam Grissom, ;David A. Ochmanek, ;David A. Shlapak, ;Alan J. Vick, | ||
| 245 |
_cHoehn, Andrew R.;Grissom, Adam;Ochmanek, David;Shlapak, David A.;Vick, Alan J.;Andrew R. Hoehn, ;Adam Grissom, ;David A. Ochmanek, ;David A. Shlapak, ;Alan J. Vick, _aA New Division of Labor _bMeeting America's Security Challenges Beyond Iraq |
||
| 260 |
_bRAND Corporation _c2007 |
||
| 650 | _aManagement & Organizational Behavior | ||
| 650 | _aUnited States -- Military policy; United States -- Armed Forces -- Reorganization; World politics -- 21st century | ||
| 856 | _uwww.jstor.org/stable/10.7249/mg499af | ||
| 999 |
_c351649 _d351649 |
||